Search the Library Catalogue
| 000 -LEADER | |
|---|---|
| fixed length control field | 00513nam a2200193Ia 4500 |
| 008 - FIXED-LENGTH DATA ELEMENTS--GENERAL INFORMATION | |
| fixed length control field | 240822s9999 xx 000 0 und d |
| 020 ## - INTERNATIONAL STANDARD BOOK NUMBER | |
| ISBN | 9781446299623 |
| Paper back/Hardbound | hbk |
| 041 ## - LANGUAGE CODE | |
| Language code of text/sound track or separate title | eng |
| 082 ## - DEWEY DECIMAL CLASSIFICATION NUMBER | |
| Classification number | 302.35 |
| Item number | STE |
| 100 ## - MAIN ENTRY--AUTHOR NAME | |
| Personal name | Stephen |
| 245 #0 - TITLE STATEMENT | |
| Title | Organisational Misbehaviour |
| Statement of responsibility, etc | / Stephen |
| 250 ## - EDITION STATEMENT | |
| Edition statement | 2nd edition |
| 260 ## - PUBLICATION, DISTRIBUTION, ETC. (IMPRINT) | |
| Name of publisher | Sage Publications |
| Year of publication | 2022 |
| Place of publication | london |
| 300 ## - PHYSICAL DESCRIPTION | |
| Number of Pages | 354 |
| Dimensions | 21 cm |
| 504 ## - BIBLIOGRAPHY, ETC. NOTE | |
| Bibliography, etc | Includes bibliographies and index |
| 650 ## - SUBJECT ADDED ENTRY--TOPICAL TERM | |
| Topical Term | Communication, Mass Media And Journalism |
| 942 ## - ADDED ENTRY ELEMENTS (KOHA) | |
| Koha item type | English Books |
| Withdrawn status | Lost status | Damaged status | Not for loan | Home library | Current library | Shelving location | Date acquired | Cost, normal purchase price | Full call number | Accession Number | Price effective from | Koha item type |
|---|---|---|---|---|---|---|---|---|---|---|---|---|
| Anna Centenary Library | Anna Centenary Library | 3RD FLOOR, B WING | 21.06.2024 | 9414.90 | 302.35 STE | 693289 | 21.06.2024 | Reference |